Iodine biofortification of cabbage plants cultivating in hydroponic system [abstract] /

Elmentve itt :
Bibliográfiai részletek
Szerzők: Thi Phuong Hoang Nguyen
Fodor Ferenc
Záray Gyula
Endrédi Anett
Streli Christina
Ingerle Dieter
Ziegler Philipp
Radtke Martin
Guilherme Buzanich Ana
Dobosy Péter
Testületi szerző: XVIII. Kárpát-medencei Környezettudományi Konferencia
Dokumentumtípus: Könyv része
Megjelent: SZTE Geoinformatikai, Természet- és Környezetföldrajzi Tanszék Szeged 2023
Sorozat:Kárpát-medencei Környezettudományi Konferencia 18
Kulcsszavak:Növénykémia - előadáskivonat, Jód - előadáskivonat
Tárgyszavak:
Online Access:http://acta.bibl.u-szeged.hu/83637
LEADER 01433naa a2200349 i 4500
001 acta83637
005 20240216150859.0
008 240216s2023 hu o 100 eng d
020 |a 978-963-306-937-0 
040 |a SZTE Egyetemi Kiadványok Repozitórium  |b hun 
041 |a eng 
100 2 |a Thi Phuong Hoang Nguyen 
245 1 0 |a Iodine biofortification of cabbage plants cultivating in hydroponic system   |h [elektronikus dokumentum] :  |b [abstract] /  |c  Thi Phuong Hoang Nguyen 
260 |a SZTE Geoinformatikai, Természet- és Környezetföldrajzi Tanszék  |b Szeged  |c 2023 
300 |a 100 
490 0 |a Kárpát-medencei Környezettudományi Konferencia  |v 18 
650 4 |a Természettudományok 
650 4 |a Kémiai tudományok 
650 4 |a Mezőgazdaság-tudományok 
650 4 |a Mezőgazdaság, erdészet, halászat 
695 |a Növénykémia - előadáskivonat, Jód - előadáskivonat 
700 0 1 |a Fodor Ferenc  |e aut 
700 0 1 |a Záray Gyula  |e aut 
700 0 1 |a Endrédi Anett  |e aut 
700 0 1 |a Streli Christina  |e aut 
700 0 1 |a Ingerle Dieter  |e aut 
700 0 1 |a Ziegler Philipp  |e aut 
700 0 1 |a Radtke Martin  |e aut 
700 0 2 |a Guilherme Buzanich Ana  |e aut 
700 0 2 |a Dobosy Péter  |e aut 
711 |a XVIII. Kárpát-medencei Környezettudományi Konferencia  |c Szeged  |d 2023. május 17-19. 
856 4 0 |u http://acta.bibl.u-szeged.hu/83637/1/karpat_medencei_kornyezettud_konf_018_100.pdf  |z Dokumentum-elérés